Fenntarthatóság a magyarországi MOL üzemanyagtöltő állomásain és a fogyasztókra gyakorolt hatásuk.

Bibliográfiai részletek
Szerző: Éliás Eliza
További közreműködők: Győri Dr. Zsuzsanna
Dokumentumtípus: Diplomadolgozat
Kulcsszavak:Töltőállomás
Fenntarthatóság
MOL Nyrt.
Online Access:http://dolgozattar.uni-bge.hu/11113

MARC

LEADER 00000nta a2200000 i 4500
001 dolg11113
005 20170512100834.0
008 170512suuuu hu om 000 hun d
040 |a BGE Dolgozattár Repozitórium  |b hun 
041 |a hu 
100 1 |a Éliás Eliza 
245 1 0 |a Fenntarthatóság a magyarországi MOL üzemanyagtöltő állomásain és a fogyasztókra gyakorolt hatásuk.  |c Éliás Eliza  |h [elektronikus dokumentum] 
695 |a Töltőállomás 
695 |a Fenntarthatóság 
695 |a MOL Nyrt. 
700 1 |a Győri Dr. Zsuzsanna  |e ths 
856 4 0 |u http://dolgozattar.uni-bge.hu/11113/1/Szakdolgozat.pdf  |z Dokumentum-elérés 
856 4 0 |u http://dolgozattar.uni-bge.hu/11113/3/titkos%C3%ADt%C3%A1si%20k%C3%A9relem.pdf  |z Dokumentum-elérés